000 01693nam2a2200265 4500
001 RU\NLR\bibl\1724032
005 20260405140028.0
035 _a(NLR Aleph) 001715010
090 _a1303908
_c1303908
100 _a20110118d2008 |||y0rusy50 ca
101 0 _arus
102 _aRU
105 _ay |||||||||
200 0 _a... в 2007 году, вып. 1
_eбиблиографический указатель литературы
_f... Ред.-издат. отд.
_g[сост.: Вера Юрьевна Зоткина, библиограф, Тамара Ивановна Климова
_gред.: Ольга Валерьевна Назарова]
210 _d2008
_aБ. м.
215 _a40 с.
320 _aУказатели: с. 33-39
461 0 _1001RU\NLR\bibl\1360716
_12001#$aМетодические и библиографические материалы Волгоградской ОУНБ им. Горького, изданные...$v... в 2007 году, вып. 1
_9932277
_cВолгоград
_d2003
_fВолгогр. обл. универс. науч. б-ка им. Горького, Отд. краеведения
_n[б. и.]
_oсписок литературы
_tМетодические и библиографические материалы Волгоградской ОУНБ им. Горького, изданные...
_v... в 2007 году, вып. 1
702 1 _aЗоткина
_bВ. Ю.
_gВера Юрьевна
_4220
702 1 _4340
_8rus
_7ca
_aНазарова
_bО. В.
_cкраевед
_gОльга Валерьевна
_3RU\NLR\auth\7756330
_939262
801 0 _aRU
_bNLR
_c20110118
_gRCR
801 1 _aRU
_bNLR
_c20110118
942 _cBOOK
980 _aNB